00959nam a22001697a 4500008004100000020001500041050001400056100002000070245009200090250001200182260004600194300002200240500005000262505043600312700001700748700002400765160518b xxu||||| |||| 00| 0 eng d a0534136265 aHM251.W76 aWorchel, Steven aUnderstanding social psychology. /cStephen Worchel, Joel Cooper and George R. Goethals a5th ed. aBelmont:bBrooks/Cole Publishing,cc1991. axvi,585p.:bill.; aIncludes bibliographical references and index aContents: Social Psychology: what, why, and how -- Social cognition -- Knowing the self -- Presenting the self -- Forming and changing attitudes -- Relating actions and attitudes -- Attraction and close relationships -- Altruism: Extending the self to others -- Aggression: harming and hurting others -- Developing and resolving conflict -- Prejudice and stereotypes -- Social Influence -- The dynamics of groups -- The environment aCooper, Joel aGoethals, George R.